00425nam a2200181Ia 4500008004100000020001800041050001400059100001800073245002700091245001700118260001500135260002200150260000900172300001600181300002700197300001000224500000900234170918s9999 xx 000 0 und d a9780440414711 bP332 1998 aPaulsen, Gary aMy life in dog years / cGary Paulsen aNew York : bA Yearling books, c1998 a137 pages : bcolored illustration ; c19cm. a1150